[Event "Fast Game"]
[Site "www.echecsemail.com"]
[Date "2017.02.01"]
[Round "1"]
[White "Cal"]
[Black "Hennie4820"]
[WhiteElo "1680"]
[BlackElo "1670"]
[Result "0-1"]
[Round "1"]
1.Ng1f3 Ng8f6
2.d4 g6
3.h3 Bf8g7
4.e3 O-O
5.Nb1c3 d6
6.Bf1d3 Nb8d7
7.a3 e5
8.d5 Rf8e8
9.b4 e4
10.Bd3xe4 Nf6xe4
11.Nc3e2 Bg7xa1
12.O-O Ba1g7
13.Qd1d3 Ne4f6
14.Nf3h2 Nd7b6
15.c4 Bc8f5
16.Qd3b3 Re8e4
17.f3 Re4xc4
18.e4 Nf6xe4
19.fxe4 Bf5xe4
20.Bc1e3 Be4xd5
21.Nh2g4 Rc4xg4
22.hxg4 Bd5xb3
23.g5 Qd8e7
24.Rf1f3 Bb3d5
25.Rf3h3 Qe7e4
26.Rh3g3 Bg7e5
27.Rg3f3 Qe4g4
28.Rf3f2 Nb6c4
29.Be3c1 Ra8e8
30.a4 Be5d4
31.Kf1 Bd4xf2
32.Kxf2 Qg4xg2
33.Ke1 Qg2xe2

0-1

[Event "Fast Game"]
[Site "www.echecsemail.com"]
[Date "2017.02.01"]
[Round "1"]
[White "Yoj"]
[Black "Paulsyd"]
[WhiteElo "2060"]
[BlackElo "1969"]
[Result "0-1"]
[Round "1"]
1.e4 c5
2.Ng1f3 e6
3.c4 Nb8c6
4.Nb1c3 Nc6d4
5.d3 Ng8e7
6.Bc1e3 Ne7c6
7.Ra1c1 Bf8e7
8.Bf1e2 O-O
9.Nf3d2 d6
10.O-O Bc8d7
11.Be2g4 Nc6e5
12.Be3xd4 cxd4
13.Nc3b1 Ne5xd3
14.Rc1c2 { time. }
0-1

[Event "Fast Game"]
[Site "www.echecsemail.com"]
[Date "2017.02.01"]
[Round "1"]
[White "Hennie4820"]
[Black "Yaw1"]
[WhiteElo "1650"]
[BlackElo "1599"]
[Result "0-1"]
[Round "1"]
1.e4 g6
2.d4 Bf8g7
3.c4 c5
4.d5 e6
5.Nb1c3 e5
6.Bc1e3 d6
7.Qd1d2 a6
8.f3 Bc8d7
9.O-O-O b5
10.cxb5 a5
11.a4 f5
12.Be3g5 Qd8b6
13.Bf1d3 f4
14.Ng1e2 h6
15.Bg5h4 g5
16.Bh4f2 Ng8e7
17.g3 Bd7h3
18.g4 Bh3g2
19.Rh1g1 Bg2xf3
20.Rd1e1 Nb8d7
21.b3 h5
22.gxh5 Rh8xh5
23.h4 g4
24.Ne2xf4 exf4
25.Kb2 Ne7g6
26.Bd3e2 Nd7e5
27.Re1f1 g3
28.Bf2xg3 fxg3
29.Rg1xg3 Bf3xe2
30.Qd2xe2 Rh5xh4
31.Rf1g1 Ng6f4
32.Qe2f2 Nf4d3
{ resign }
0-1

[Event "Tourn. n9174"]
[Site "www.chess-mail.com"]
[Date "2017.02.02"]
[Round "1"]
[White "Libiesse"]
[Black "Rovaniaina"]
[WhiteElo "1980"]
[BlackElo "1919"]
[Result "0-1"]
[Round "1"]
1.d4 Ng8f6
2.c4 g6
3.Nb1c3 Bf8g7
4.Ng1f3 O-O
5.e4 d6
6.Bc1g5 h6
7.Bg5e3 Nf6g4
8.Bf1e2 Ng4xe3
9.fxe3 e5
10.d5 b6
11.O-O Nb8d7
 { time }
0-1

[Event "Tourn. n9223"]
[Site "www.chess-mail.com"]
[Date "2017.02.02"]
[Round "1"]
[White "Lightning"]
[Black "Autmich"]
[WhiteElo "1499"]
[BlackElo "1680"]
[Result "1-0"]
[Round "1"]
1.d4 Ng8f6
2.c4 e6
3.Nb1c3 Bf8b4
4.Qd1c2 d5
5.cxd5 Nf6xd5
6.e4 Nd5xc3
7.bxc3 Bb4e7
8.Ng1f3 c5
9.Bf1e2 Nb8c6
10.Bc1e3 Qd8a5
11.O-O O-O
12.d5 exd5
13.exd5 Nc6d8
14.Be2d3 h6
15.Be3f4 { resign }
1-0

[Event "Tourn. n9113"]
[Site "www.chess-mail.com"]
[Date "2017.02.02"]
[Round "1"]
[White "Libiesse"]
[Black "Fred"]
[WhiteElo "1970"]
[BlackElo "2000"]
[Result "0-1"]
[Round "1"]
1.d4 e5
2.dxe5 f6
3.Ng1f3 Nb8c6
4.exf6 Ng8xf6
5.Bc1g5 Bf8e7
6.e3 d6
7.c3 Bc8g4
8.Bf1e2 Bg4xf3
9.Be2xf3 O-O
10.Qd1c2 Nc6e5
11.Nb1d2 Ne5xf3
12.Nd2xf3 Nf6g4
13.Bg5xe7 Qd8xe7
14.O-O h6
15.Rf1d1 Rf8f7
16.Rd1d4 Ng4e5
17.Nf3xe5 Qe7xe5
18.Ra1d1 Ra8f8
19.Rd1d2 Qe5g5
20.Qc2b3 b6
21.Rd4f4 Qg5g6
 { time }
0-1

[Event "Tourn. n9082"]
[Site "www.chess-mail.com"]
[Date "2017.02.02"]
[Round "1"]
[White "Lachouette"]
[Black "Azulmarino"]
[WhiteElo "1579"]
[BlackElo "1570"]
[Result "0-1"]
[Round "1"]
1.e4 d5
2.e5 Nb8c6
3.d4 Bc8e6
4.c3 f6
5.f4 f5
6.g3 g6
7.Nb1d2 Bf8h6
8.Nd2f3 Bh6g7
9.Nf3g5 Qd8d7
10.Ng1f3 Bg7h6
11.h4 Nc6a5
12.b4 Na5c4
13.Bf1xc4 dxc4
14.Ng5xe6 Qd7xe6
15.Qd1a4 c6
16.b5 Bh6g7
17.Bc1e3 Ng8h6
18.O-O-O Nh6g4
19.Nf3g5 Qe6d5
20.Rh1e1 cxb5
21.Qa4b4 Bg7h6
22.Qb4c5 Qd5g2
23.Qc5xb5 Kf8
24.Ng5e6 Kf7
25.Qb5xc4 Ra8c8
26.Ne6c7 Kf8
27.Nc7e6 Kf7
28.Ne6c5 Ke8
29.Qc4b5 Kf7
30.e6 Kg7
31.Qb5d7 Rh8e8
 { time }
0-1

[Event "Tourn. n9230"]
[Site "www.chess-mail.com"]
[Date "2017.02.02"]
[Round "1"]
[White "Norlavuaram"]
[Black "Actmy"]
[WhiteElo "2190"]
[BlackElo "2230"]
[Result "0-1"]
[Round "1"]
1.e4 c6
2.d4 d5
3.Nb1d2 dxe4
4.Nd2xe4 Nb8d7
5.Bc1f4 Ng8f6
6.Bf1d3 Qd8b6
7.Ng1e2 Nf6xe4
8.Bd3xe4 Nd7f6
9.Be4f3 Qb6xb2
10.Qd1d3 Qb2xa1
{ resign }
0-1

[Event "Tourn. n9101"]
[Site "www.chess-mail.com"]
[Date "2017.02.02"]
[Round "1"]
[White "Jackbauer"]
[Black "Bira47"]
[WhiteElo "1980"]
[BlackElo "2030"]
[Result "0-1"]
[Round "1"]
1.e4 c5
2.f4 e6
3.Ng1f3 h6
4.c4 b6
5.Nb1c3 a6
6.b3 Bc8b7
7.Bf1d3 Bf8e7
8.O-O Ng8f6
9.h3 Nb8c6
10.e5 Nf6g8
11.a3 Nc6d4
12.Nf3xd4 cxd4
13.Nc3e2 d5
14.Bc1b2 dxc4
15.Bd3xc4 b5
16.Bc4d3 Ra8c8
17.b4 Qd8d5
18.Rf1f2 f6
19.Bd3g6 Kd8
20.Ne2g3 fxe5
21.Bg6e4 Qd5d7
22.d3 Ng8f6
23.f5 Bb7xe4
24.dxe4 h5
25.Ra1c1 Rc8c4
26.Rf2c2 Qd7c7
27.Ng3e2 Nf6xe4
28.Rc2xc4 bxc4
29.Bb2xd4 exd4
30.Qd1xd4 Ne4d6
31.Ne2f4 Qc7d7
32.Nf4xe6 Kc8
33.Qd4c5 Kb8
34.Qc5d5 Qd7b5
35.Ne6c5 Nd6b7
36.Nc5d7 Ka8
37.Qd5e6 Be7d6
38.Rc1xc4 Rh8d8
39.a4 Qb5xd7
40.Qe6e4 Rd8e8
41.Qe4b1 Qd7xa4
42.Rc4d4 Bd6e5
43.Rd4e4 Nb7d6
44.Re4h4 Qa4a1
45.Qb1xa1 Be5xa1
46.Rh4xh5 Ba1d4
47.Kf1 Re8f8
48.g4 g6
49.Rh5h7 gxf5
50.g5 Nd6e4
51.g6 Rf8g8
52.Rh7d7 Bd4f6
53.Rd7d5 Rg8xg6
{ resign }
0-1

[Event "Tourn. n9179"]
[Site "www.chess-mail.com"]
[Date "2017.02.02"]
[Round "1"]
[White "Orhany24"]
[Black "Biggles"]
[WhiteElo "2230"]
[BlackElo "2140"]
[Result "0-1"]
[Round "1"]
1.e4 e5
2.Ng1f3 Nb8c6
3.Bf1c4 Ng8f6
4.O-O Nf6xe4
5.c3 d5
6.Bc4b5 Bf8c5
7.Nf3xe5 Bc8d7
8.Ne5xd7 Qd8xd7
9.d3 Ne4f6
10.Rf1e1 Bc5e7
11.Qd1e2 Qd7e6
12.Qe2xe6 fxe6
13.Re1xe6 Kd7
14.Re6e1 Ra8e8
15.Bc1f4 Be7d6
16.Bf4d2 Rh8f8
17.Nb1a3 Nf6g4
18.g3 Re8xe1
19.Bd2xe1 a6
20.Bb5a4 Kc8
21.Na3c2 Nc6e5
22.d4 Ne5f3
23.Kg2 Nf3xe1
24.Ra1xe1 b5
25.Ba4b3 Rf8xf2
26.Kh3 h5
27.Kh4 Rf2xh2
28.Kg5 Bd6xg3
29.Re1e8 Kd7
30.Re8g8 Ke6
31.Rg8xg7 Bg3h4
32.Kg6 Bh4g3
33.Nc2b4 Ng4f6
34.Rg7xc7 Bg3xc7
{ resign }
0-1

[Event "Tourn. n9074"]
[Site "www.chess-mail.com"]
[Date "2017.02.02"]
[Round "1"]
[White "Andychesston"]
[Black "Roque1"]
[WhiteElo "1990"]
[BlackElo "1800"]
[Result "1-0"]
[Round "1"]
1.e4 e5
2.Ng1f3 Nb8c6
3.d4 d6
4.dxe5 dxe5
5.Qd1xd8 Nc6xd8
6.Nf3xe5 Bf8d6
7.Ne5c4 Bc8e6
8.Nc4xd6 cxd6
9.Bf1b5 Nd8c6
10.Nb1c3 Ng8e7
11.Bc1f4 Ra8d8
12.Bf4g5 O-O
13.Bb5xc6 f6
14.Bc6xb7 fxg5
15.Bb7a6 d5
16.e5 Ne7g6
17.O-O Rf8f5
18.Ba6d3 Rf5xe5
19.Bd3xg6 hxg6
20.Nc3b5 a5
21.Nb5d4 Be6c8
22.Nd4c6 Bc8a6
23.Nc6xd8 Ba6xf1
24.Kxf1 Kf8
25.Ra1e1 Re5f5
26.g4 Rf5f3
27.Nd8e6 Kg8
28.Ne6xg5 Rf3f8
29.Re1e5 Rf8c8
30.c3 Rc8c5
31.Re5e8 { resign }
1-0

[Event "Tourn. n9193"]
[Site "www.chess-mail.com"]
[Date "2017.02.02"]
[Round "1"]
[White "Bojan"]
[Black "Faerieking"]
[WhiteElo "2020"]
[BlackElo "2180"]
[Result "1-0"]
[Round "1"]
1.e4 e5
2.Ng1f3 f5
3.exf5 Bf8c5
4.d3 d6
5.g4 h5
6.Bc1g5 Ng8f6
7.Nf3h4 Bc5xf2
8.Kxf2 Nf6xg4
9.Qd1xg4 hxg4
10.Bg5xd8 Kxd8
11.Nh4g2 Bc8xf5
12.Kg1 Nb8c6
13.c3 Kd7
14.Ng2e3 g6
15.Nb1d2 Rh8h6
16.Bf1e2 Ra8h8
17.Nd2f1 Rh6h4
18.Nf1g3 Nc6e7
19.Ra1f1 Ke6
20.Rf1e1 d5
21.Kg2 c6
22.b3 b5
23.a4 a6
24.axb5 axb5
25.Re1a1 d4
26.cxd4 { resign }
1-0

[Event "Tourn. n9159"]
[Site "www.chess-mail.com"]
[Date "2017.02.02"]
[Round "1"]
[White "Nulladies"]
[Black "Picifarkinca"]
[WhiteElo "1760"]
[BlackElo "1630"]
[Result "0-1"]
[Round "1"]
1.d4 d5
2.Bc1f4 e6
3.Ng1f3 Bf8d6
4.Nf3e5 f6
5.Ne5d3 Nb8c6
6.e3 Bd6xf4
7.Nd3xf4 Ng8e7
8.Nb1d2 O-O
9.Bf1d3 e5
10.Nf4e2 e4
11.Nd2xe4 dxe4
12.Bd3xe4 Bc8e6
13.d5 Ne7xd5
14.O-O Nd5e7
15.Ne2d4 Nc6xd4
16.Qd1xd4 Qd8xd4
17.exd4 c6
18.b3 Rf8d8
19.Rf1d1 Ne7d5
20.Rd1d3 Ra8c8
21.c4 Nd5b4
22.Rd3d2 a5
23.a3 Nb4a6
24.Ra1d1 Na6c7
25.d5 cxd5
26.cxd5 Nc7xd5
27.Be4xd5 Rd8xd5
28.Kf1 Rd5xd2
{ resign }
0-1

[Event "Tourn. n9102"]
[Site "www.chess-mail.com"]
[Date "2017.02.02"]
[Round "1"]
[White "Lachouette"]
[Black "Cal"]
[WhiteElo "1670"]
[BlackElo "1580"]
[Result "0-1"]
[Round "1"]
1.e4 e5
2.f4 exf4
3.Ng1f3 d6
4.d4 Ng8f6
5.Bc1xf4 a6
6.Bf1c4 b5
7.Bc4d5 c6
8.Bd5b3 Bc8g4
9.h3 Bg4xf3
10.gxf3 Bf8e7
11.c3 Nb8d7
12.Nb1d2 O-O
13.Qd1e2 h6
14.O-O-O a5
15.Qe2h2 a4
16.Bb3c2 Nf6h5
17.Rh1g1 Nd7f6
18.Bf4e3 Nf6d7
19.Be3xh6 Be7f6
20.e5 dxe5
21.dxe5 Bf6xe5
22.Qh2g2 Qd8f6
23.Bh6g5 Qf6e6
24.Bg5h6 Qe6xh6
25.Kb1 f5
26.f4 Nh5xf4
27.Qg2xc6 Qh6xc6
28.Nd2f3 Qc6xf3
29.Rd1xd7 Nf4g2
30.a3 Qf3xh3
31.b3 Qh3xc3
 { time }
0-1

[Event "Tourn. n9114"]
[Site "www.chess-mail.com"]
[Date "2017.02.02"]
[Round "1"]
[White "Nulladies"]
[Black "Lachouette"]
[WhiteElo "1840"]
[BlackElo "1690"]
[Result "1-0"]
[Round "1"]
1.d4 d5
2.Bc1f4 e6
3.Ng1f3 Bf8d6
4.Bf4g3 Bd6xg3
5.hxg3 Nb8c6
6.e3 Ng8f6
7.Bf1d3 Nc6b4
8.Bd3e2 Nf6e4
9.c3 Nb4c6
10.Be2d3 f5
11.Nb1d2 Bc8d7
12.Bd3b5 a6
13.Bb5xc6 Bd7xc6
14.Nd2xe4 fxe4
15.Nf3e5 Qd8f6
16.Ne5xc6 bxc6
17.Qd1a4 Kd7
18.Qa4b3 Ra8b8
19.Qb3a3 Rh8f8
20.O-O h5
21.b4 Rb8b6
22.f4 h4
23.Kf2 Qf6g6
24.gxh4 Qg6g4
25.Qa3b2 Qg4xh4
26.Ke2 Qh4h2
27.Rf1g1 g5
28.Ra1f1 g4
29.Ke1 a5
30.Rg1h1 Qh2g3
31.Qb2f2 Qg3xf2
32.Rf1xf2 Rf8f5
33.Rh1h7 Kd6
34.Rf2b2 c5
35.dxc5  { time }
1-0

[Event "Tourn. n9061"]
[Site "www.chess-mail.com"]
[Date "2017.02.02"]
[Round "1"]
[White "Lachouette"]
[Black "Cal"]
[WhiteElo "1489"]
[BlackElo "1630"]
[Result "0-1"]
[Round "1"]
1.e4 e5
2.f4 exf4
3.Ng1f3 d6
4.d4 Bc8g4
5.Bc1xf4 Ng8f6
6.Bf1d3 a6
7.h3 Bg4xf3
8.Qd1xf3 h6
9.Nb1c3 c6
10.O-O-O Bf8e7
11.g4 Nf6h7
12.Kb1 Nb8d7
13.Qf3g3 f6
14.Bf4xd6 O-O
15.Bd6c7 Qd8c8
16.Bc7d6 Be7xd6
17.Qg3e3 Rf8e8
18.Rd1f1 b5
19.e5 fxe5
20.Bd3xh7 Kxh7
21.Rf1f7 Nd7f6
22.d5 cxd5
23.Qe3f2 Kg8
24.Rf7xf6 gxf6
25.Qf2xf6 Re8e6
26.Qf6f2 d4
27.Nc3e4 Bd6b4
28.Rh1f1 Qc8d7
29.Ne4f6 Re6xf6
30.Qf2xf6 Ra8f8
31.Qf6g6 Qd7g7
32.Qg6xg7 Kxg7
33.Rf1xf8 Kxf8
34.Kc1 e4
35.a3 Bb4a5
36.b4 Ba5b6
37.Kd2 a5
38.c3 d3
39.h4 axb4
40.axb4 Kf7
41.c4 bxc4
42.g5 hxg5
43.hxg5 Kg6
 { time }
0-1

[Event "Tourn. n9174"]
[Site "www.chess-mail.com"]
[Date "2017.02.02"]
[Round "1"]
[White "Osopanda"]
[Black "Libiesse"]
[WhiteElo "1950"]
[BlackElo "1980"]
[Result "1-0"]
[Round "1"]
1.d4 d5
2.Ng1f3 e6
3.Bc1g5 Bf8e7
4.Bg5xe7 Qd8xe7
5.e3 Ng8f6
6.Bf1d3 O-O
7.O-O c5
8.dxc5 Qe7xc5
9.Nb1c3 Nb8c6
10.a3 Bc8d7
11.e4  { time }
1-0

[Event "Tourn. n9119"]
[Site "www.chess-mail.com"]
[Date "2017.02.02"]
[Round "1"]
[White "Fabos12"]
[Black "Urbe69"]
[WhiteElo "2090"]
[BlackElo "2089"]
[Result "0-1"]
[Round "1"]
1.d4 e6
2.c4 f5
3.Nb1c3 Ng8f6
4.Bc1g5 Bf8b4
5.e3 O-O
6.Ng1f3 d6
7.Bf1d3 Nb8d7
8.Qd1c2 b6
9.O-O-O Bc8b7
10.Rh1e1 Qd8e8
11.h4 Nf6e4
12.Bg5f4 e5
13.dxe5 dxe5
14.Bf4h2 Ne4xc3
15.bxc3 Bb4a3
16.Kb1 e4
17.Qc2b3 Ba3c5
18.Bh2xc7 exd3
19.Rd1xd3 Bb7e4
20.Re1d1 Ra8c8
21.Bc7f4 Bc5e7
22.Kc1 Be4xd3
23.Rd1xd3 Nd7c5
24.Qb3c2 Nc5xd3
25.Qc2xd3 Qe8a4
26.Qd3d5 Kh8
27.Nf3e5 Rc8d8
28.Qd5f3 Be7a3
{ time. }
0-1

[Event "Tourn. n9061"]
[Site "www.chess-mail.com"]
[Date "2017.02.02"]
[Round "1"]
[White "Lachouette"]
[Black "Hansen"]
[WhiteElo "1489"]
[BlackElo "1610"]
[Result "0-1"]
[Round "1"]
1.e4 d5
2.exd5 Qd8xd5
3.Nb1c3 Qd5f5
4.Bf1d3 Qf5g5
5.Bd3e4 f5
6.Be4f3 f4
7.d4 e5
8.Qd1e2 b6
9.Bf3xa8 c6
10.Qe2e4 Bf8d6
11.Ng1f3 Qg5xg2
12.Rh1g1 Qg2h3
13.Ba8xc6 Bc8d7
14.Rg1xg7 Ng8f6
15.dxe5 Nf6xe4
16.Bc6xe4 Bd6c5
17.Bc1xf4 Qh3g2
18.Rg7xg2 Rh8f8
19.Rg2g4 Bd7xg4
20.Bf4g3 Nb8d7
21.Ke2 a6
22.Nc3d5 Kd8
23.e6 Nd7f6
24.Bg3c7 Kc8
25.Bc7xb6 Bc5d6
26.Nd5xf6 Rf8xf6
27.Be4d5 Bg4xe6
28.Bd5xe6 Rf6xe6
29.Kd3 Re6f6
30.Ra1e1 Rf6xf3
31.Bb6e3 Bd6b4
32.Re1e2 Kd7
33.c3 Bb4d6
34.Ke4 Rf3f6
35.f4 Ke6
36.Kf3 Kf5
37.Be3d4 Rf6h6
38.Bd4e5 Bd6c5
39.b4 Bc5g1
40.Be5g7 Rh6d6
 { time }
0-1

[Event "Tourn. n9218"]
[Site "www.chess-mail.com"]
[Date "2017.02.02"]
[Round "1"]
[White "Actmy"]
[Black "Bojan"]
[WhiteElo "2160"]
[BlackElo "2070"]
[Result "1-0"]
[Round "1"]
1.d4 d5
2.Ng1f3 Nb8c6
3.g3 Bc8f5
4.a3 h6
5.Bf1g2 e6
6.O-O Bf8d6
7.b4 a6
8.c4 dxc4
9.Bc1b2 Qd8f6
10.Nb1d2 b5
11.Nf3e5 Nc6xd4
12.Bb2xd4 Bd6xe5
13.Bg2c6 Ke7
14.Bd4xe5 Qf6xe5
15.Bc6xa8 Ng8f6
16.Nd2f3 Qe5b2
17.Ba8b7 Rh8d8
18.Qd1c1 Qb2b3
19.Qc1f4 Rd8d6
20.Qf4e5 c3
21.Qe5c5 c2
22.Qc5xc7 Nf6d7
23.Nf3e5 Rd6d1
24.g4 Bf5g6
25.Ne5c6 { resign }
1-0

[Event "Tourn. n9235"]
[Site "www.chess-mail.com"]
[Date "2017.02.02"]
[Round "1"]
[White "Bojan"]
[Black "Actmy"]
[WhiteElo "2020"]
[BlackElo "2230"]
[Result "0-1"]
[Round "1"]
1.e4 c6
2.d4 d5
3.exd5 cxd5
4.c4 Ng8f6
5.Nb1c3 Nb8c6
6.a3 g6
7.h3 Bf8g7
8.Ng1f3 O-O
9.c5 Rf8e8
10.Bf1b5 Qd8c7
11.Bc1e3 Bc8f5
12.Qd1d2 Ra8d8
13.O-O Nf6e4
14.Nc3xe4 dxe4
15.Be3f4 e5
16.Nf3xe5 Bg7xe5
17.Bf4g5 Rd8xd4
18.Qd2e3 a6
19.Bb5e2 Rd4d7
20.Ra1b1 f6
21.Bg5h6 Bf5e6
22.f3 Be5d4
{ resign }
0-1

[Event "Tourn. n9222"]
[Site "www.chess-mail.com"]
[Date "2017.02.02"]
[Round "1"]
[White "Norlavuaram"]
[Black "Arbiflex"]
[WhiteElo "2180"]
[BlackElo "2299"]
[Result "0-1"]
[Round "1"]
1.e4 e6
2.d4 Ng8e7
3.c4 g6
4.Nb1c3 Bf8g7
5.Ng1f3 O-O
6.Bf1e2 f5
7.O-O d6
8.Bc1d2 h6
9.Qd1c1 g5
10.h3 Nb8d7
11.h4 g4
12.Nf3e1 Ne7c6
13.Bd2xh6 Nc6xd4
14.Bh6xg7 Kxg7
15.Qc1d2 Nd4xe2
16.Qd2xe2 Qd8xh4
17.g3 Qh4h3
18.Ne1g2 Rf8h8
19.Ng2h4 f4
20.f3 Qh3xg3
21.Nh4g2 Nd7e5
22.Qe2e1 Qg3h2
23.Kf2 gxf3
24.Rf1g1 Qh2g3
25.Kf1 fxg2
26.Ke2 Qg3d3
27.Kf2 Qd3f3

0-1

[Event "Tourn. n9199"]
[Site "www.chess-mail.com"]
[Date "2017.02.02"]
[Round "1"]
[White "Sorim"]
[Black "Guidom"]
[WhiteElo "1960"]
[BlackElo "2040"]
[Result "0-1"]
[Round "1"]
1.d4 d5
2.c4 dxc4
3.Ng1f3 c6
4.a4 Bc8f5
5.Nb1c3 Ng8f6
6.Nf3h4 Bf5g6
7.e3 e6
8.Bf1xc4 { time. }
0-1

[Event "Tourn. n9086"]
[Site "www.chess-mail.com"]
[Date "2017.02.02"]
[Round "1"]
[White "Prize640"]
[Black "Conde7"]
[WhiteElo "2420"]
[BlackElo "2890"]
[Result "1/2-1/2"]
[Round "1"]
1.e4 c5
2.Ng1f3 d6
3.d4 cxd4
4.Nf3xd4 Ng8f6
5.f3 e5
6.Nd4b3 d5
7.Bc1g5 d4
8.c3 Nb8c6
9.Bf1b5 h6
10.Bg5xf6 Qd8xf6
11.cxd4 Bf8b4
12.Nb1c3 O-O
13.Bb5xc6 bxc6
14.dxe5 Qf6xe5
15.Qd1d4 Qe5e7
16.O-O-O Bc8e6
17.Kb1 Ra8b8
18.Nc3a4 f5
19.Na4c5 fxe4
20.Nc5xe6 Qe7xe6
21.Qd4xe4 Qe6xe4
22.fxe4 Rf8f2
23.Rh1g1 Bb4c5
24.e5 a5
25.Nb3xc5 Rb8xb2
26.Ka1 Rb2xa2
{ draw }
1/2-1/2

[Event "Tourn. n9096"]
[Site "www.chess-mail.com"]
[Date "2017.02.02"]
[Round "1"]
[White "Nulladies"]
[Black "Lachouette"]
[WhiteElo "1830"]
[BlackElo "1670"]
[Result "1-0"]
[Round "1"]
1.d4 d5
2.Bc1f4 e6
3.Ng1f3 Bf8d6
4.Nf3e5 f6
5.Ne5d3 g5
6.Bf4g3 Bd6xg3
7.hxg3 Bc8d7
8.e3 Nb8c6
9.Bf1e2 Ng8e7
10.Be2h5 Ne7g6
11.Bh5xg6 Ke7
12.Rh1xh7 Rh8xh7
13.Bg6xh7 Qd8h8
14.Bh7g6 Qh8h1
15.Ke2 Qh1xd1
16.Kxd1 Ra8h8
17.Nd3c5 e5
18.c3 e4
19.Bg6xe4 dxe4
20.a4 b6
21.Nc5xd7 Kxd7
22.g4 Nc6a5
23.Nb1d2 Rh8h1
24.Kc2 Rh1xa1
25.Nd2xe4 Ke6
26.b4 Na5c4
27.g3 Ra1xa4
28.Kb3 b5
29.Ne4c5 Kd5
30.Nc5xa4 Nc4d2
31.Kc2 Nd2e4
32.Na4c5 Ne4xc5
33.dxc5 c6
34.Kd3 Ke5
35.f4 gxf4
36.gxf4 Ke6
37.c4 a6
38.cxb5 axb5
39.e4  { time }
1-0

[Event "Tourn. n9082"]
[Site "www.chess-mail.com"]
[Date "2017.02.02"]
[Round "1"]
[White "Cal"]
[Black "Lachouette"]
[WhiteElo "1530"]
[BlackElo "1579"]
[Result "1-0"]
[Round "1"]
1.c4 e5
2.e4 d6
3.d3 c6
4.Nb1c3 Ng8f6
5.Bc1g5 Bf8e7
6.Ng1f3 Bc8g4
7.Bf1e2 h6
8.Bg5xf6 gxf6
9.h3 Bg4xf3
10.Be2xf3 Nb8d7
11.a3 Nd7c5
12.b4 Nc5d7
13.O-O Nd7f8
14.Nc3e2 Nf8g6
15.g3 Qd8d7
16.Bf3g2 O-O-O
17.f3 Kb8
18.a4 h5
19.h4 Rd8g8
20.d4 exd4
21.Qd1xd4 b6
22.c5 d5
23.exd5 cxd5
24.f4 Ng6xh4
25.gxh4 Qd7g4
26.Rf1f2 Qg4xh4
27.cxb6 Ka8
28.Qd4xd5 Kb8
29.Ne2d4 Be7xb4
30.bxa7 Kxa7
31.Nd4b5 Ka6
32.Qd5c6 Ka5
33.Qc6c7 Ka6
34.Qc7a7  { time }
1-0

[Event "Tourn. n9076"]
[Site "www.chess-mail.com"]
[Date "2017.02.02"]
[Round "1"]
[White "Falcoale"]
[Black "Leochessnut"]
[WhiteElo "1850"]
[BlackElo "1870"]
[Result "0-1"]
[Round "1"]
1.e4 c5
2.Ng1f3 b6
3.b3 Bc8b7
4.d3 Nb8c6
5.Bc1b2 e6
6.Nb1d2 d6
7.Bf1e2 Ng8f6
8.O-O Bf8e7
9.Nd2c4 d5
10.exd5 exd5
11.Nc4e5 Nc6xe5
12.Nf3xe5 Qd8c7
13.f4 d4
14.c3 Nf6d5
15.cxd4 Nd5e3
16.Qd1d2 Ne3xf1
17.Be2xf1 f6
18.Ne5c4 cxd4
19.Bb2xd4 O-O
20.Ra1c1 Qc7d7
21.Bd4a1 Ra8c8
22.Rc1d1 b5
23.Nc4e3 Be7d6
24.Bf1e2 Bd6xf4
25.Rd1f1 Qd7d6
26.Kh1 Rf8e8
27.Ne3f5 Qd6c6
28.Be2f3 Bf4xd2
{ resign }
0-1

[Event "Tourn. n9199"]
[Site "www.chess-mail.com"]
[Date "2017.02.02"]
[Round "1"]
[White "Johnmcbride"]
[Black "Sorim"]
[WhiteElo "1940"]
[BlackElo "1960"]
[Result "1-0"]
[Round "1"]
1.d4 Ng8f6
2.Nb1d2 d5
3.e3 Bc8f5
4.h3 e6
5.f4 c5
6.g4 Bf5e4
7.Nd2xe4 Nf6xe4
{ time. }
1-0

[Event "Tourn. n9094"]
[Site "www.chess-mail.com"]
[Date "2017.02.02"]
[Round "1"]
[White "Norlavuaram"]
[Black "Fabos12"]
[WhiteElo "2230"]
[BlackElo "2090"]
[Result "1-0"]
[Round "1"]
1.e4 e5
2.Ng1f3 Nb8c6
3.Bf1b5 Bf8c5
4.O-O d6
5.h3 a6
6.Bb5a4 b5
7.Ba4b3 Nc6d4
8.Nf3xd4 Bc5xd4
9.c3 Bd4a7
10.d4 exd4
11.cxd4 Ng8e7
12.Nb1c3 O-O
13.Bc1g5 h6
14.Bg5h4 Qd8e8
15.Kh1 Ne7g6
16.Bh4g3 Bc8b7
17.Rf1e1 Ra8c8
18.Qd1g4 Kh7
19.Ra1d1 Rc8d8
20.f4 Bb7c8
21.Qg4f3 c5
22.dxc5 Ba7xc5
23.Nc3d5 Qe8d7
24.f5 Ng6e7
25.f6 Ne7xd5
26.fxg7 Rf8e8
27.Bb3xd5 Kxg7
28.Qf3c3 Kg8
29.Qc3f3 Bc8b7
30.Bg3f4 Kh7
31.Qf3h5 Bb7xd5
32.Qh5xh6 Kg8
33.Rd1xd5 Re8e6
34.Rd5g5 Re6g6
35.Rg5xg6 fxg6
36.Qh6xg6 Qd7g7
37.Qg6e6 Kh8
38.e5 Kh7
39.exd6 Qg7g6
40.Qe6e7 { resign }
1-0

[Event "Match"]
[Site "www.echecsemail.com"]
[Date "2017.02.02"]
[Round "1"]
[White "Ozana"]
[Black "Pdebonis"]
[WhiteElo "2340"]
[BlackElo "2209"]
[Result "1/2-1/2"]
[Round "1"]
1.f4 e5
2.fxe5 d6
3.exd6 Bf8xd6
4.Ng1f3 Ng8f6
5.Nb1c3 O-O
6.e3 Nf6g4
7.g3 Rf8e8
8.Bf1c4 Ng4xh2
9.Rh1xh2 Bd6xg3
10.Rh2f2 Qd8f6
11.Nc3d5 Qf6h6
12.Ke2 Bg3xf2
13.Kxf2 Bc8g4
14.d4 Nb8d7
15.Bc1d2 Qh6c6
16.Bc4b3 a5
17.a4 Nd7f6
18.Nd5xf6 Qc6xf6
19.Qd1h1 Ra8a6
20.Ra1f1 Bg4e6
21.Ke2 Be6xb3
22.cxb3 Ra6e6
23.Nf3e5 Qf6d8
24.Qh1xb7 f6
25.Ne5f3 Re6b6
26.Qb7a7 Rb6xb3
27.Rf1c1 Qd8e7
28.d5 Qe7e4
29.Rc1xc7 Qe4g4
30.Kf2 h5
31.Rc7c1 Qg4xa4
32.Bd2c3 Qa4e4
33.d6 Rb3b7
34.Qa7d4 Qe4xd4
35.Bc3xd4 Re8d8
36.Rc1c6 Kf7
37.Rc6a6 Ke6
38.Ra6xa5 g5
39.e4 Rd8xd6
40.Ra5f5 Ke7
41.Bd4c3 Rd6b6
42.Kg3 Rb7b8
43.e5 { draw }
1/2-1/2

[Event "Match"]
[Site "www.echecsemail.com"]
[Date "2017.02.02"]
[Round "1"]
[White "Nearlythere"]
[Black "Kazooie"]
[WhiteElo "1389"]
[BlackElo "1499"]
[Result "1-0"]
[Round "1"]
1.e4 d5
2.exd5 Qd8xd5
3.Nb1c3 Qd5d6
4.d4 c6
5.g3 e6
6.Bc1f4 Qd6d8
7.Bf1h3 Nb8d7
8.Nc3e4 Bf8e7
9.Ng1e2 Ng8f6
10.f3 O-O
11.Ne4xf6 Nd7xf6
12.c3 b5
13.b4 Bc8b7
14.O-O Nf6d5
15.Bf4d2 Be7g5
16.Bd2xg5 Qd8xg5
17.f4 Qg5g6
18.Qd1d2 Qg6e4
19.Bh3g2 Qe4e3
20.Qd2xe3 Nd5xe3
21.Rf1f2 Ne3c4
22.a4 a6
23.axb5 axb5
24.Ra1xa8 Rf8xa8
25.h4 Nc4e3
26.Bg2e4 Ne3g4
27.Rf2f3 Ra8a1
28.Kg2 Ra1a2
29.Be4d3 c5
30.dxc5 Bb7xf3
31.Kxf3 Ng4f6
32.Bd3xb5 Nf6d5
33.Bb5c4 Ra2a3
34.Bc4xd5 exd5
35.Ke3 f5
36.Kd4 Ra3a2
37.Kd3 Kf7
38.c6 Ke7
39.Ne2d4 g6
40.c7 Kd7
41.Nd4b5 Ra2a6
42.Kd4 Ra6b6
43.Kc5 Rb6c6
44.Kxd5 Rc6xc3
45.Nb5xc3 Kxc7
46.Ke6 { resign }
1-0

[Event "Match"]
[Site "www.echecsemail.com"]
[Date "2017.02.02"]
[Round "1"]
[White "Yaw1"]
[Black "Fangshuo"]
[WhiteElo "1809"]
[BlackElo "1990"]
[Result "0-1"]
[Round "1"]
1.Ng1f3 d5
2.c4 c6
3.e3 e6
4.Nb1c3 Ng8e7
5.d4 c5
6.dxc5 Ne7f5
7.cxd5 Bf8xc5
8.Bf1b5 Bc8d7
9.Qd1a4 O-O
10.dxe6 fxe6
11.Qa4c4 b6
12.Qc4e4 Nb8a6
13.Bb5xa6 Nf5d6
14.Qe4c2 b5
15.O-O Qd8b6
16.Nf3e5 Bd7e8
17.Ba6xb5 Nd6xb5
18.Qc2e4 Nb5xc3
19.bxc3 Ra8d8
20.Ne5c4 Qb6c7
21.Qe4xe6 Kh8
22.e4 Be8f7
23.Qe6a6 Bf7xc4
24.Qa6a4 Bc4xf1
25.Bc1g5 Bc5xf2
26.Kh1 Bf1xg2
27.Kxg2 Qc7xc3
28.Bg5xd8 Qc3xa1
29.Qa4a5 Qa1g1
{ resign }
0-1

[Event "1/64 Finale"]
[Site "www.chess-mail.com"]
[Date "2017.02.02"]
[Round "1"]
[White "Ecijaajedrez"]
[Black "Naujzaid"]
[WhiteElo "2410"]
[BlackElo "2140"]
[Result "1-0"]
[Round "1"]
1.d4 d5
2.c4 e6
3.Nb1c3 Bf8e7
4.Ng1f3 Ng8f6
5.cxd5 exd5
6.Bc1g5 O-O
7.e3 c6
8.Bf1d3 h6
9.Bg5h4 Nb8d7
10.Qd1c2 Rf8e8
11.O-O Nf6e4
12.Bh4xe7 Qd8xe7
13.a3 a5
14.Ra1b1 Nd7f6
15.b4 Bc8e6
16.Nc3xe4 Nf6xe4
17.Bd3xe4 dxe4
18.Qc2xe4 { resign }
1-0

[Event "Tourn. n9129"]
[Site "www.chess-mail.com"]
[Date "2017.02.03"]
[Round "1"]
[White "Jobeye"]
[Black "Sachpat"]
[WhiteElo "2010"]
[BlackElo "2580"]
[Result "0-1"]
[Round "1"]
1.g3 e5
2.d4 exd4
3.Bf1g2 Bf8b4
4.Bc1d2 Bb4c5
5.Ng1f3 Nb8c6
6.O-O Ng8f6
7.c4 O-O
8.Bd2g5 h6
9.Bg5f4 d6
10.a3 a5
11.Nb1d2 a4
12.Qd1c1 Rf8e8
13.Nf3e1 g5
14.Bg2xc6 bxc6
15.Bf4xg5 hxg5
16.Nd2f3 Nf6e4
17.Ne1d3 Bc8h3
18.Rf1d1 Qd8f6
19.Nd3xc5 dxc5
20.Rd1d3 g4
21.Qc1f4 Qf6xf4
22.gxf4 gxf3
23.Rd3xf3 Bh3g4
24.Rf3d3 Bg4xe2
25.Rd3h3 Re8e6
26.Ra1e1 Re6g6
 { time }
0-1

[Event "Tourn. n9110"]
[Site "www.chess-mail.com"]
[Date "2017.02.03"]
[Round "1"]
[White "Libiesse"]
[Black "Genius3"]
[WhiteElo "1970"]
[BlackElo "1840"]
[Result "0-1"]
[Round "1"]
1.d4 Ng8f6
2.c4 c5
3.d5 b5
4.Nb1d2 bxc4
5.Nd2xc4 d6
6.Ng1f3 g6
7.Qd1c2 Bf8g7
8.e4 O-O
9.Bf1d3 Nb8d7
10.O-O Nd7b6
11.Nf3d2 Nb6xc4
12.Nd2xc4 Bc8a6
13.f4 Ra8b8
14.Ra1b1 Ba6xc4
15.Bd3xc4 Nf6g4
16.Bc1d2 Bg7d4
17.Kh1 Ng4f2
18.Rf1xf2 Bd4xf2
{ resign }
0-1